Proceedings 4th International Bamboo Workshop on Bamboo in Asia and the Pacific held at Chiangmai, Thailand, November 27-30, 1991

Bibliographic Details
Corporate Authors: INTERNATIONAL Bamboo Workshop on Bamboo in Asia and the Pacific, Food and Agriculture Organization of the United Nations (FAO), International Development Research Centre (IDRC), United Nations Development Programme (UNDP)
Format: Book
Published: Canada : International Development Research Centre , 1994
Series:FORSPA publ. 6
Technical document GCP/RAS/134/ASB
Subjects:

MARC

LEADER 00000cam a2200000 7i4500
001 0000000913
005 20001107.0
090 0 0 |a 584.93095   |b INT 1994 
110 1 0 |a INTERNATIONAL Bamboo Workshop on Bamboo in Asia and the Pacific   |k 1991   |j Chiangmai, Thailand 
245 1 0 |a Proceedings 4th International Bamboo Workshop on Bamboo in Asia and the Pacific held at Chiangmai, Thailand, November 27-30, 1991 
260 0 0 |a Canada :   |b International Development Research Centre ,   |c 1994 
300 |a 373 p. :   |b ill., maps ;   |c 30 cm. 
440 0 0 |a FORSPA publ. 6 
440 0 0 |a Technical document GCP/RAS/134/ASB 
500 0 0 |a Includes bibliographical references 
650 0 0 |a Bamboo   |x Economic aspects 
650 0 0 |a Bamboo   |x Growth 
650 0 0 |a Bamboo   |z Asia 
650 0 0 |a Bamboo   |z The Pacific 
710 1 1 |a Food and Agriculture Organization of the United Nations (FAO) 
710 1 1 |a International Development Research Centre (IDRC) 
710 1 1 |a United Nations Development Programme (UNDP) 
999 |a 0000002294   |b Monograph   |c Open Shelf   |e Default branch